| 000 | 01088nam2a22002411 4500 | ||
|---|---|---|---|
| 001 | rc\3607647 | ||
| 005 | 20130115143459.9 | ||
| 035 | _a(NLR Aleph) 007710460 | ||
| 090 |
_a6844293 _c6844293 |
||
| 100 | _a20130115d1973 u y0rusy50 ca | ||
| 101 | 0 | _arus | |
| 102 | _aRU | ||
| 105 | _aac z |||a| | ||
| 200 | 1 |
_aЯ сам _aСтихотворения _f[Примеч. Г. Черемина] |
|
| 210 |
_aМосква _cХудож. лит. _d1973 |
||
| 215 |
_a559 с., 1 л. портр. _cил. |
||
| 461 | 0 |
_1001rc\3607646 _12001#$aСочинения$eВ 3 т.$f[Вступ. статья А. Суркова, с. 5-24$gРис. авт.] Т. 1-3$vТ. 1 _1700#1$aМаяковский$bВ.В.$f1893-1930$gВладимир Владимирович _96844286 _aМаяковский, В. В. (1893-1930) _cМосква _d1973 _f[Вступ. статья А. Суркова, с. 5-24 _nХудож. лит. _oВ 3 т. _p3 т. _tСочинения _vТ. 1 |
|
| 702 | 1 |
_aЧеремин _bГ. _4212 |
|
| 801 | 0 |
_aRU _bNLR _gpsbo |
|
| 801 | 1 |
_aRU _bELAR _2rusmarc |
|
| 852 |
_aNLR _j73-3/5075 |
||
| 942 | _cBOOK | ||
| 980 | _aNB | ||